Die Martis, 5 September. 1648 : a declaration of the Commons assembled in Parliament, concerning the summoning of the members to attend the House on Tuesday the 26 of Septemb. 1648.

Bibliographic Details
Corporate Author: England and Wales. Parliament. House of Commons
Format: eBook
Language:English
Published: London : Printed for Edward Husband ..., 1648.
Series:Early English books online.
Subjects:
Online Access:Connect to the full text of this electronic book

MARC

Tag First Indicator Second Indicator Subfields
LEADER 00000nam a2200000Ia 4500
001 in00004307921
005 20200810092001.0
006 m g d
007 cr bn |||a|bb|
008 991002s1648 enk o 00| | eng d
035 |a (OCoLC)42475027 
040 |a EAE  |c EAE  |d WaOLN 
037 |a CL0037000091  |b ProQuest Information and Learning. 300 N. Zeeb Rd., Ann Arbor, MI 48106 
043 |a e-uk--- 
045 2 |b d1642  |b d1649 
090 |a DA410  |b .E53 1642 
049 |a UMIA 
110 1 |a England and Wales.  |b Parliament.  |b House of Commons. 
245 1 0 |a Die Martis, 5 September. 1648 :  |b a declaration of the Commons assembled in Parliament, concerning the summoning of the members to attend the House on Tuesday the 26 of Septemb. 1648. 
246 3 3 |a Declaration of the Commons assembled in Parliament, concerning the summoning of the members to attend the House on Tuesday the 26 of Septemb. 1648 
260 |a London :  |b Printed for Edward Husband ...,  |c 1648. 
300 |a 1 online resource (1 sheet ([1] pages). 
336 |a text  |b txt  |2 rdacontent 
337 |a computer  |b c  |2 rdamedia 
338 |a online resource  |b cr  |2 rdacarrier 
500 |a Imperfect: print show-through. 
500 |a Reproduction of original in the Harvard Law School Library. 
510 4 |a Wing  |c E2557B 
533 |a Electronic reproduction.  |b Ann Arbor, Mich. :  |c UMI,  |d 1999-  |f (Early English books online)  |n Digital version of: (Early English books, 1641-1700 ; 2245:8)  |7 s1999 miun s 
651 0 |a Great Britain  |x History  |y Civil War, 1642-1649. 
610 1 0 |a England and Wales.  |b Parliament.  |b House of Commons  |v Early works to 1800. 
655 7 |a Broadsides  |z London (England)  |y 17th century.  |2 rbgenr 
830 0 |a Early English books online. 
856 4 0 |u http://proxy.library.tamu.edu/login?url=https://search.proquest.com/docview/2240872147  |z Connect to the full text of this electronic book  |t 0 
999 f f |s 14f8b6fd-f4c7-3487-9cdc-06dd7358688d  |i 2aa3cad2-53fe-3284-91d6-4be6ea80bab0  |t 0 
952 f f |a Texas A&M University  |b College Station  |c Electronic Resources  |d Available Online  |t 0  |e DA410 .E53 1642  |h Library of Congress classification 
998 f f |a DA410 .E53 1642  |t 0  |l Available Online